000
00334nam a22001457a 4500
008
221219b ||||| |||| 00| 0 eng d
020
_a
9781944183004
041
_a
eng
080
_a
51
082
_a
51WOL
100
_a
20.1
101
_a
MATE
245
_a
AN ELEMENTARY INTRODUCTION TO THE WOLFRAM
_c
WOLFRAM S
942
_2
udc
_c
BK
999
_c
59211
_d
59211